Educación en la transición a la democracia : casos de Argentina, Brasil y Uruguay.

Wedi'i Gadw mewn:
Manylion Llyfryddiaeth
Prif Awdur: Braslavsky, Cecilia [et al.], (autor)
Fformat: Llyfr
Iaith:Sbaeneg
Pynciau:
Tagiau: Ychwanegu Tag
Dim Tagiau, Byddwch y cyntaf i dagio'r cofnod hwn!

MARC

LEADER 00000cam^a2200000uu^4500
001 000469118
005 20250521000000.0
008 050901s1989^^^^^^^^^^^^rd^r^^000^0^spa^d
009 20260310124527.343
035 |a FCE 000011873 
035 |a FCE 008051 
037 |a Acervo ITESO - Biblioteca 
041 |a spa 
082 0 4 |a 370.112  |b BRAe 
100 |a Braslavsky, Cecilia,  |e [et al.]  |e (autor) 
245 1 0 |a Educación en la transición a la democracia :  |b casos de Argentina, Brasil y Uruguay. 
264 |a Santiago de Chile :  |b UNESCO : OREALC,  |c 1989. 
300 |a 335 p. 
336 |a texto  |b txt  |2 rdacontenido 
337 |a sin mediación  |b n  |2 rdamedio 
338 |a volumen  |b nc  |2 rdasoporte 
649 |a XX 
650 |a Economía de la educación 
650 |a Educación comparada 
650 |a Sistema educativo 
650 |a Democratización de la educación 
650 |a Democracia 
650 |a Estudios de casos 
650 |a Calidad de la educación 
650 |a Políticas de educación 
650 |a Argentina 
650 |a Brasil 
650 |a Uruguay 
910 |a Fondo Centro de Estudios Educativos 
920 |a Impresos - Libros 
930 |a Fondos Especiales 
905 |a 133 
901 |a ALE008051  |b IT2  |c CEE  |u 20250521 
901 |a ALE040964  |b IT2  |c CEE  |u 20250521 
902 |a https://opac.biblio.iteso.mx/vufind/Record/000469118